<?xml version="1.0" encoding="UTF-8"?>
<record
    xmlns:xsi="http://www.w3.org/2001/XMLSchema-instance"
    xsi:schemaLocation="http://www.loc.gov/MARC21/slim http://www.loc.gov/standards/marcxml/schema/MARC21slim.xsd"
    xmlns="http://www.loc.gov/MARC21/slim">

  <leader>00609cam a2200181   4500</leader>
  <controlfield tag="001">45438</controlfield>
  <datafield tag="090" ind1=" " ind2=" ">
    <subfield code="a">45438</subfield>
  </datafield>
  <datafield tag="100" ind1=" " ind2=" ">
    <subfield code="a">19880915d1946    km y0pory5003    ba</subfield>
  </datafield>
  <datafield tag="101" ind1="0" ind2=" ">
    <subfield code="a">por</subfield>
  </datafield>
  <datafield tag="102" ind1=" " ind2=" ">
    <subfield code="a">PT</subfield>
  </datafield>
  <datafield tag="200" ind1="1" ind2=" ">
    <subfield code="a">Pequenas bibliotecas</subfield>
    <subfield code="e">como as organizar modernamente e como utiliz&#xE1;-las</subfield>
    <subfield code="f">Ema Quintas Alves</subfield>
  </datafield>
  <datafield tag="210" ind1=" " ind2="9">
    <subfield code="a">Lisboa</subfield>
    <subfield code="c">edi&#xE7;&#xF5;es Cosmos,</subfield>
    <subfield code="d">imp. 1946</subfield>
  </datafield>
  <datafield tag="215" ind1=" " ind2=" ">
    <subfield code="a">145, [2] p.</subfield>
    <subfield code="c">il., 8 p. de estampas</subfield>
    <subfield code="d">20 cm</subfield>
  </datafield>
  <datafield tag="225" ind1="2" ind2=" ">
    <subfield code="a">Biblioteca Cosmos</subfield>
    <subfield code="v">111</subfield>
    <subfield code="h">1,</subfield>
    <subfield code="i">Ci&#xEA;ncias e t&#xE9;cnicas.</subfield>
    <subfield code="i">Ci&#xEA;ncia psicol&#xF3;gicas e sociol&#xF3;gicas</subfield>
    <subfield code="v">53</subfield>
  </datafield>
  <datafield tag="675" ind1=" " ind2=" ">
    <subfield code="a">02(023)</subfield>
    <subfield code="v">med</subfield>
    <subfield code="z">por</subfield>
  </datafield>
  <datafield tag="700" ind1=" " ind2="1">
    <subfield code="a">Alves,</subfield>
    <subfield code="b">Ema Quintas</subfield>
  </datafield>
  <datafield tag="801" ind1=" " ind2="0">
    <subfield code="a">PT</subfield>
    <subfield code="b">BN</subfield>
    <subfield code="g">RPC</subfield>
  </datafield>
  <datafield tag="990" ind1=" " ind2=" ">
    <subfield code="c">LIVROS</subfield>
  </datafield>
</record>
